| 000 -LEADER |
| fixed length control field |
00534nam a22001817a 4500 |
| 008 - FIXED-LENGTH DATA ELEMENTS--GENERAL INFORMATION |
| fixed length control field |
150706b xxu||||| |||| 00| 0 alb d |
| 020 ## - INTERNATIONAL STANDARD BOOK NUMBER |
| International Standard Book Number |
9992759151 |
| 041 0# - LANGUAGE CODE |
| Language code of text/sound track or separate title |
alb |
| 080 ## - UNIVERSAL DECIMAL CLASSIFICATION NUMBER |
| Universal Decimal Classification number |
327 |
| 100 ## - Rafti |
| Rafti |
Lakër, Uolltër ; |
| 245 ## - TITLE STATEMENT |
| Title |
Europa në kohën tonë : |
| Statement of responsibility, etc |
Uolltër Lakër. |
| 260 ## - |
| -- |
Penguin Group ; |
| -- |
Dituria ; |
| -- |
1992. |
| -- |
1996, 2003. |
| 300 ## - |
| -- |
471 f.: |
| -- |
25 cm. |
| 500 ## - |
| -- |
Parathënie: f.9-11 |
| 650 #0 - |
| -- |
Politika |
| -- |
Europa |
| 650 #0 - |
| -- |
Marrëdhëniet ndërkombëtare |
| 942 ## - ADDED ENTRY ELEMENTS (KOHA) |
| Source of classification or shelving scheme |
|
| Item type |
Books |